[Event "Online Olym Top DivC 2021"]
[Site "chess.com INT"]
[Date "2021.09.09"]
[Round "1.1"]
[Board "1"]
[White "Nabaty, Tamir"]
[Black "Mustaps, Matiss"]
[Result "1-0"]
[WhiteTitle "GM"]
[BlackTitle "FM"]
[WhiteElo "2638"]
[BlackElo "2356"]
[WhiteTeam "Israel"]
[BlackTeam "Latvia"]
[WhiteFideId "2809052"]
[BlackFideId "11602295"]
[EventDate "2021.09.09"]
[EventType "team"]

1. d4 Nf6 2. Nc3 d5 3. Bf4 c6 4. e3 b5 5. Bd3 a5 6. Nf3 a4 7. a3 Bg4 8. e4 e6 9.
h3 Bxf3 10. Qxf3 Be7 11. O-O O-O 12. exd5 exd5 13. Rfe1 Nbd7 14. Re2 Nb6 15.
Rae1 Bd6 16. Bg5 h6 17. Bxf6 Qxf6 18. Qxf6 gxf6 19. Na2 Nc4 20. c3 Rfd8 21. Nb4
Bxb4 22. cxb4 Kf8 23. Kh2 Nd6 24. Kg3 Re8 25. Rxe8+ Rxe8 26. Rxe8+ Kxe8 27. Kg4
Kf8 28. h4 Kg7 29. Bf5 Kf8 30. Bd7 f5+ 31. Kf4 Ke7 32. Bxc6 Ke6 33. h5 Nc4 34.
Bxb5 Nxb2 35. Be2 Nc4 36. Bxc4 dxc4 37. Ke3 Kd5 38. b5 f4+ 39. Kd2 f6 40. Kc3 f3
41. gxf3 1-0

[Event "Online Olym Top DivC 2021"]
[Site "chess.com INT"]
[Date "2021.09.09"]
[Round "1.1"]
[Board "3"]
[White "Klinova, Masha"]
[Black "Rogule, Laura"]
[Result "0-1"]
[WhiteTitle "IM"]
[BlackTitle "WGM"]
[WhiteElo "2263"]
[BlackElo "2286"]
[WhiteTeam "Israel"]
[BlackTeam "Latvia"]
[WhiteFideId "2802015"]
[BlackFideId "11601876"]
[EventDate "2021.09.09"]
[EventType "team"]

1. e4 c5 2. Nf3 d6 3. Bb5+ Nd7 4. O-O a6 5. Bxd7+ Bxd7 6. d4 cxd4 7. Qxd4 e5 8.
Qd3 Rc8 9. a4 Qc7 10. Nc3 Be7 11. Rd1 h6 12. Be3 Nf6 13. Nd2 O-O 14. Nf1 Qc4 15.
a5 Qxd3 16. Rxd3 Rc6 17. f3 Rfc8 18. Bb6 Bd8 19. Bxd8 Rxd8 20. Ne3 Be6 21. Ra4
Kf8 22. Rb4 Rd7 23. Kf2 Ke7 24. g4 Rc5 25. Ra4 Rdc7 26. Ke1 g6 27. Kd2 g5 28. b4
Rc4 29. Nxc4 Bxc4 30. Re3 h5 31. h3 hxg4 32. hxg4 Rc8 33. Ra1 Rh8 34. Rd1 Ke6
35. Kc1 Rh3 36. Rde1 Nd7 37. Kb2 Rh2 38. Rd1 Nf6 39. Rde1 Nd7 40. Nb1 Nb8 41.
Na3 Bb5 42. Nxb5 axb5 43. Kb3 Nc6 44. c3 Ne7 45. c4 bxc4+ 46. Kxc4 f6 47. Rd3
Rc2+ 48. Kb5 d5 49. exd5+ Nxd5 50. Rb3 Rc6 51. Rh1 Nc3+ 52. Rxc3 Rxc3 53. Kb6
Rxf3 54. Rb1 e4 55. Kxb7 f5 56. a6 Ra3 57. a7 f4 58. a8=Q Rxa8 59. Kxa8 f3 60.
b5 e3 61. b6 f2 62. b7 e2 63. b8=Q f1=Q 64. Qe8+ Kd6 65. Qd8+ Ke6 66. Rb6+ Ke5
67. Qc7+ Ke4 68. Rb4+ Kf3 69. Qc6+ Kf2 70. Qc5+ Kg2 71. Qd5+ Qf3 72. Qxf3+ Kxf3
73. Rb1 Kxg4 74. Kb7 Kf3 75. Kc6 g4 76. Kd5 g3 77. Kd4 Kf2 78. Kd3 e1=Q 79. Rxe1
Kxe1 80. Ke3 g2 0-1

[Event "Online Olym Top DivC 2021"]
[Site "chess.com INT"]
[Date "2021.09.09"]
[Round "1.1"]
[Board "4"]
[White "Vidruska, Renate"]
[Black "Lahav, Michal"]
[Result "0-1"]
[WhiteTitle "WFM"]
[BlackTitle "WIM"]
[WhiteElo "2000"]
[BlackElo "2127"]
[WhiteTeam "Latvia"]
[BlackTeam "Israel"]
[WhiteFideId "11601841"]
[BlackFideId "2813742"]
[EventDate "2021.09.09"]
[EventType "team"]

1. e4 e6 2. d4 d5 3. Nc3 Bb4 4. e5 c5 5. a3 Bxc3+ 6. bxc3 Qa5 7. Bd2 Qa4 8. Nf3
b6 9. Be3 Nd7 10. Bd3 Ba6 11. O-O Ne7 12. Bxa6 Qxa6 13. Qd2 O-O 14. a4 Nc6 15.
a5 cxd4 16. axb6 dxe3 17. Rxa6 exd2 18. b7 Rab8 19. Rxc6 Rxb7 20. c4 Nb8 21. Rc5
dxc4 22. Nxd2 Nd7 23. Ra5 Rc8 24. Ne4 Rcc7 25. f4 Rb2 26. Rc1 h6 27. Kf2 Nb6 28.
g3 Nd5 29. Ke2 Kh7 30. Kd2 Kg6 31. Rca1 c3+ 32. Kd1 Ne3+ 33. Ke2 Nxc2 34. R1a2
Nd4+ 35. Kd3 Rxa2 36. Rxa2 c2 0-1

[Event "Online Olym Top DivC 2021"]
[Site "chess.com INT"]
[Date "2021.09.09"]
[Round "1.1"]
[Board "5"]
[White "Parkhov, Yair"]
[Black "Golubovskis, Maksims"]
[Result "1-0"]
[WhiteTitle "IM"]
[BlackTitle "FM"]
[WhiteElo "2434"]
[BlackElo "2210"]
[WhiteTeam "Israel"]
[BlackTeam "Latvia"]
[WhiteFideId "2813408"]
[BlackFideId "11608528"]
[EventDate "2021.09.09"]
[EventType "team"]

1. Nf3 Nf6 2. c4 c5 3. Nc3 Nc6 4. g3 d5 5. d4 cxd4 6. Nxd4 e5 7. Nxc6 bxc6 8.
Bg2 Be6 9. Bg5 e4 10. Qa4 Bd7 11. O-O Be7 12. Rad1 O-O 13. Qc2 Qc7 14. Qd2 Be6
15. cxd5 cxd5 16. Bxf6 Bxf6 17. Nxd5 Bxd5 18. Qxd5 Rad8 19. Qxe4 Bxb2 20. e3 g6
21. h4 Bg7 22. h5 Qe5 23. hxg6 hxg6 24. Qa4 Qe7 25. Rb1 Rd7 26. Rfd1 Rfd8 27.
Rxd7 Rxd7 28. Bf3 Bf6 29. Kg2 Kg7 30. Qc2 Rc7 31. Qb3 Qe5 32. Rh1 Rc8 33. Qb7
Qb8 34. Qd7 Qc7 35. Qh3 Kf8 36. Qg4 Qc4 37. Qd7 Qc7 38. Qa4 Kg7 39. Bd5 Qd6 40.
e4 Qc5 41. Qd7 Qc7 42. Qh3 Kf8 43. Rb1 Rb8 44. Rd1 Rd8 45. Qh7 Bg7 46. Rd3 Rd6
47. Qh3 Qd7 48. Qh4 Qd8 49. Qg4 Qd7 50. Qf4 Qe7 51. Rf3 Bf6 52. Qh6+ Bg7 53. Qh3
Rf6 54. Qc8+ Qe8 55. Qc5+ Qe7 56. Qc8+ Qe8 57. Qxe8+ Kxe8 58. Ra3 a6 59. Bc4 Rc6
60. Bxa6 Bf8 61. Bb5 Bxa3 62. Bxc6+ Ke7 63. f4 f6 64. Kf3 Kd6 65. Be8 g5 66. e5+
fxe5 67. fxg5 Ke6 68. Kg4 e4 69. Kf4 Bc1+ 70. Kxe4 Bxg5 71. a4 Bd8 72. Bb5 Bc7
73. g4 Bd8 74. Be2 Kd6 75. Kf5 Ke7 76. g5 Kf7 77. g6+ Kg7 78. Bd3 Kf8 79. Ke6 1-0

[Event "Online Olym Top DivC 2021"]
[Site "chess.com INT"]
[Date "2021.09.09"]
[Round "1.1"]
[Board "6"]
[White "Golsta, Madara"]
[Black "Katkov, Michelle"]
[Result "1-0"]
[BlackTitle "WFM"]
[WhiteElo "1967"]
[BlackElo "2051"]
[WhiteTeam "Latvia"]
[BlackTeam "Israel"]
[WhiteFideId "11607386"]
[BlackFideId "2816393"]
[EventDate "2021.09.09"]
[EventType "team"]

1. c4 Nf6 2. g3 e6 3. Bg2 d5 4. d4 dxc4 5. Nf3 a6 6. O-O Nc6 7. e3 Rb8 8. Nfd2
e5 9. Bxc6+ bxc6 10. dxe5 Ng4 11. Nxc4 Be6 12. Nbd2 Bb4 13. Qe2 h5 14. h3 h4 15.
hxg4 hxg3 16. fxg3 Rb5 17. a3 Bxd2 18. Nxd2 Rxe5 19. e4 Rg5 20. Rf4 Qd4+ 21. Qf2
Qd3 22. Nf1 Bxg4 23. Qa7 Be2 24. Qb8+ Kd7 25. Qxh8 Bxf1 26. Rxf7+ Kd6 27. Qd8+
Ke6 28. Qe7# 1-0

[Event "Online Olym Top DivC 2021"]
[Site "chess.com INT"]
[Date "2021.09.09"]
[Round "1.2"]
[Board "1"]
[White "Perez Ponsa, Federico"]
[Black "Vazquez, Guillermo"]
[Result "1/2-1/2"]
[WhiteTitle "GM"]
[BlackTitle "IM"]
[WhiteElo "2554"]
[BlackElo "2534"]
[WhiteTeam "Argentina"]
[BlackTeam "Paraguay"]
[WhiteFideId "117927"]
[BlackFideId "3702308"]
[EventDate "2021.09.09"]
[EventType "team"]

1. e4 e5 2. Nf3 Nc6 3. Bb5 a6 4. Ba4 Nf6 5. O-O Be7 6. Re1 b5 7. Bb3 O-O 8. a4
d5 9. exd5 Na5 10. Nxe5 Nxb3 11. cxb3 Bb7 12. Nc6 Bxc6 13. dxc6 Bc5 14. d4 Bxd4
15. axb5 Ne4 16. Be3 Bxe3 17. Qxd8 Rfxd8 18. fxe3 axb5 19. Nc3 Nxc3 20. bxc3 g6
21. b4 Rxa1 22. Rxa1 Rd3 23. Rc1 Rxe3 24. c4 Rb3 25. cxb5 Rxb4 26. Rc5 Kf8 27.
Rd5 Ke7 28. Rd7+ 1/2-1/2

[Event "Online Olym Top DivC 2021"]
[Site "chess.com INT"]
[Date "2021.09.09"]
[Round "1.2"]
[Board "2"]
[White "Almiron, Antonio"]
[Black "Peralta, Fernando"]
[Result "0-1"]
[WhiteTitle "FM"]
[BlackTitle "GM"]
[WhiteElo "2366"]
[BlackElo "2570"]
[WhiteTeam "Paraguay"]
[BlackTeam "Argentina"]
[WhiteFideId "3701166"]
[BlackFideId "105309"]
[EventDate "2021.09.09"]
[EventType "team"]

1. Nf3 Nf6 2. c4 e6 3. e3 b6 4. d4 Bb7 5. Bd3 d5 6. cxd5 exd5 7. b3 Bb4+ 8. Nbd2
O-O 9. O-O Nbd7 10. Bb2 Ne4 11. Rc1 Re8 12. Bb5 a6 13. Bc6 Bxc6 14. Rxc6 Bd6 15.
Qe2 Re6 16. Rfc1 Qe7 17. Nf1 f5 18. Qc2 Nb8 19. Rxc7 Bxc7 20. Qxc7 Qxc7 21. Rxc7
Rc6 22. Re7 Rc2 23. Ba3 Nc6 24. Rc7 Nxd4 25. Rd7 Ne2+ 26. Kh1 Nxf2# 0-1

[Event "Online Olym Top DivC 2021"]
[Site "chess.com INT"]
[Date "2021.09.09"]
[Round "1.2"]
[Board "3"]
[White "Lujan, Carolina"]
[Black "Perez Rodriguez, Jennifer"]
[Result "1-0"]
[WhiteTitle "IM"]
[BlackTitle "WIM"]
[WhiteElo "2340"]
[BlackElo "2251"]
[WhiteTeam "Argentina"]
[BlackTeam "Paraguay"]
[WhiteFideId "109878"]
[BlackFideId "3507831"]
[EventDate "2021.09.09"]
[EventType "team"]

1. e4 e5 2. Nf3 Nc6 3. Bc4 Bc5 4. d3 Nf6 5. O-O d6 6. c3 a5 7. Nbd2 O-O 8. Re1
h6 9. Nf1 Be6 10. Bb5 Qb8 11. d4 exd4 12. cxd4 Bb4 13. Re2 d5 14. e5 Nd7 15. h3
Re8 16. Bd3 Bf8 17. Ng3 Nb4 18. Bb1 c5 19. Nh5 g6 20. a3 Nc6 21. dxc5 Rc8 22.
Nf4 Nxc5 23. Be3 d4 24. Bd2 Bc4 25. Re1 Ne6 26. Nxe6 Bxe6 27. Bd3 a4 28. Bf4 Qa7
29. Qd2 Kh7 30. h4 Na5 31. Rad1 Nb3 32. Qe2 Kg8 33. h5 g5 34. Qe4 Bg7 35. Qh7+
Kf8 36. Bxg5 Bg4 37. Bxh6 Bxh6 38. Qxh6+ Ke8 39. e6 1-0

[Event "Online Olym Top DivC 2021"]
[Site "chess.com INT"]
[Date "2021.09.09"]
[Round "1.2"]
[Board "4"]
[White "Vargas, Gabriela"]
[Black "Borda Rodas, Anapaola S."]
[Result "0-1"]
[WhiteTitle "WIM"]
[BlackTitle "WFM"]
[WhiteElo "2152"]
[BlackElo "2162"]
[WhiteTeam "Paraguay"]
[BlackTeam "Argentina"]
[WhiteFideId "3700860"]
[BlackFideId "152781"]
[EventDate "2021.09.09"]
[EventType "team"]

1. d4 Nf6 2. c4 g6 3. Nc3 d5 4. Nf3 Bg7 5. Bg5 Ne4 6. cxd5 Nxg5 7. Nxg5 e6 8.
Qd2 h6 9. Nh3 exd5 10. Nf4 O-O 11. e3 c6 12. Bd3 Nd7 13. O-O a5 14. a4 Re8 15.
Qc2 Nf6 16. h3 Qd6 17. Rac1 Bd7 18. Rfd1 Re7 19. Nfe2 Qb4 20. Na2 Qb6 21. Qc5
Qxc5 22. dxc5 Ne4 23. Bxe4 Rxe4 24. Nd4 f5 25. Nc3 Re7 26. Nce2 g5 27. Rd3 Rae8
28. Ng3 Rf8 29. f4 Bxd4 30. exd4 Rfe8 31. Rf3 g4 32. hxg4 fxg4 33. Rfc3 Kf7 34.
Kf2 Kg6 35. R1c2 Bf5 36. Re2 Rxe2+ 37. Nxe2 h5 38. g3 Be4 39. Re3 Re7 40. Nc3
Kf5 41. Nd1 Rh7 42. Rb3 h4 43. Ne3+ Kg6 44. Nxg4 hxg3+ 45. Kxg3 Rg7 46. Ne3 Kf6+
47. Kf2 Rh7 48. Ke1 Rh1+ 49. Kd2 Rh2+ 50. Kc1 Re2 51. Rc3 Kg6 52. b3 Rf2 53. Ng4
Rxf4 54. Ne5+ Kf5 55. Rh3 Rf1+ 56. Kd2 Rf2+ 57. Ke1 Rb2 58. Kd1 Kf4 59. Kc1 Rb1+
60. Kd2 Bf5 61. Rh4+ Kg5 62. Nf3+ Kf6 63. Rf4 Kg6 64. Nh4+ Kg5 65. Rxf5+ Kxh4
66. Rf3 Kg4 67. Re3 Kf4 68. Re7 Rxb3 69. Kc2 Rb4 70. Kc3 Rc4+ 71. Kd3 Rb4 72.
Kc3 Kf5 73. Rc7 Rc4+ 74. Kd3 Rxa4 75. Rxb7 Ra3+ 76. Kd2 Ke4 77. Rb6 Kxd4 78.
Rxc6 Rd3+ 79. Ke2 Rc3 80. Ra6 Rxc5 81. Kd2 Rb5 82. Kc2 Rc5+ 83. Kd2 Kc4 84. Ra8
d4 85. Ra7 Kb4 86. Kd3 Rd5 87. Rb7+ Ka3 88. Kc4 Rd8 89. Rb3+ Ka2 90. Rb7 d3 91.
Ra7 Kb2 92. Rxa5 d2 93. Rb5+ Kc2 0-1

[Event "Online Olym Top DivC 2021"]
[Site "chess.com INT"]
[Date "2021.09.09"]
[Round "1.2"]
[Board "5"]
[White "Kapitanchuk, Tomas"]
[Black "Melian, Juan Sebastian"]
[Result "0-1"]
[WhiteTitle "FM"]
[BlackTitle "CM"]
[WhiteElo "2346"]
[BlackElo "1978"]
[WhiteTeam "Argentina"]
[BlackTeam "Paraguay"]
[WhiteFideId "135046"]
[BlackFideId "3706575"]
[EventDate "2021.09.09"]
[EventType "team"]

1. e4 c6 2. d4 d5 3. exd5 cxd5 4. Bd3 Nc6 5. c3 Nf6 6. Bf4 Bg4 7. Qb3 Qc8 8. Nd2
e6 9. Ne2 Bh5 10. Ng3 Bg6 11. Bxg6 hxg6 12. O-O Be7 13. Nf3 Nd7 14. Rfe1 O-O 15.
Bg5 Bd6 16. Qd1 Qc7 17. Nd2 Bf4 18. Qg4 Bxg5 19. Qxg5 Qd8 20. Qg4 Nf6 21. Qf3 b5
22. h4 b4 23. h5 g5 24. Qe3 Nh7 25. Rf1 bxc3 26. bxc3 Ne7 27. f4 g4 28. h6 Nf5
29. Nxf5 exf5 30. Qe5 Qf6 31. hxg7 Rfe8 32. Qxd5 Rad8 33. Qa5 Qh4 34. Qxf5 Re2
35. Ne4 Re8 36. Nf2 Rxf2 37. Rxf2 g3 38. Qh3 gxf2+ 39. Kf1 Re1+ 0-1

[Event "Online Olym Top DivC 2021"]
[Site "chess.com INT"]
[Date "2021.09.09"]
[Round "1.2"]
[Board "6"]
[White "Oviedo Acosta, Paula"]
[Black "Francisco Guecamburu, Candela Be"]
[Result "0-1"]
[BlackTitle "WFM"]
[WhiteElo "1637"]
[BlackElo "2034"]
[WhiteTeam "Paraguay"]
[BlackTeam "Argentina"]
[WhiteFideId "3704394"]
[BlackFideId "160911"]
[EventDate "2021.09.09"]
[EventType "team"]

1. e4 c5 2. Nf3 g6 3. d4 cxd4 4. Nxd4 Bg7 5. c4 Nc6 6. Be3 Nf6 7. Nc3 d6 8. Be2
O-O 9. O-O Nxd4 10. Bxd4 Bd7 11. h3 Bc6 12. f3 a5 13. Qd2 Nd7 14. Rfd1 Bxd4+ 15.
Qxd4 Qb6 16. Nd5 Bxd5 17. exd5 Qxd4+ 18. Rxd4 Nc5 19. Rc1 Ra6 20. Bd1 a4 21. Rd2
Rfa8 22. Rc3 Rb6 23. Re3 Kf8 24. f4 Rb4 25. Rc2 a3 26. Rxa3 Rxa3 27. bxa3 Rb1
28. Rd2 Ne4 29. Rd3 Rc1 30. Kf1 Rxc4 31. Bf3 Nc5 32. Rd2 Rxf4 33. Ke2 Ra4 34.
Bg4 f5 35. Bf3 Rxa3 36. g4 Kf7 37. gxf5 gxf5 38. Rc2 Kf6 39. Bg2 Ke5 40. Kf1 Kd4
41. Kg1 Rc3 42. Rf2 Rc1+ 43. Kh2 Ke5 44. Re2+ Ne4 45. Rb2 Rc7 46. Rb5 Nc5 47.
Rb4 Nd3 48. Rh4 Rc2 49. Rxh7 Nf4 50. Rxe7+ Kf6 51. Re6+ Nxe6 52. dxe6 Kxe6 53.
Kg3 b5 54. Bf1 b4 55. h4 Ke5 56. h5 Rxa2 57. h6 Kf6 58. Bc4 b3 59. Kf4 Ra4 0-1

[Event "Online Olym Top DivC 2021"]
[Site "chess.com INT"]
[Date "2021.09.09"]
[Round "1.3"]
[Board "1"]
[White "Vocaturo, Daniele"]
[Black "Navara, David"]
[Result "0-1"]
[WhiteTitle "GM"]
[BlackTitle "GM"]
[WhiteElo "2626"]
[BlackElo "2676"]
[WhiteTeam "Italy"]
[BlackTeam "Czech Republic"]
[WhiteFideId "813192"]
[BlackFideId "309095"]
[EventDate "2021.09.09"]
[EventType "team"]

1. d4 Nf6 2. Nf3 e6 3. g3 c5 4. Bg2 cxd4 5. Nxd4 d5 6. O-O e5 7. Nb3 Be6 8. c4
Nc6 9. cxd5 Nxd5 10. N1d2 h6 11. Ne4 Qb6 12. Nd6+ Bxd6 13. Bxd5 Bh3 14. Re1 O-O
15. e4 Nb4 16. Be3 Qc7 17. Rc1 Qe7 18. Bc5 Bxc5 19. Nxc5 Rac8 20. Nd3 Rxc1 21.
Nxc1 Nxd5 22. exd5 Rd8 23. Qh5 Qd7 24. Qxe5 Qxd5 25. Qxd5 Rxd5 26. Nb3 a5 27. a4
b6 28. f4 Rd3 29. Nc1 Rd2 30. b3 Be6 31. h4 h5 32. Kf1 Bh3+ 33. Kg1 Rg2+ 34. Kh1
Rxg3 35. Kh2 Rf3 36. Re8+ Kh7 37. Ne2 Rxb3 38. Nd4 Rd3 39. Nc6 Be6 40. Ne5 Rh3+
41. Kg2 Rxh4 42. Kg3 Rh3+ 43. Kg2 Ra3 44. Rb8 Rxa4 45. Rxb6 Rxf4 46. Rb5 a4 47.
Nd3 Rf5 0-1

[Event "Online Olym Top DivC 2021"]
[Site "chess.com INT"]
[Date "2021.09.09"]
[Round "1.3"]
[Board "2"]
[White "Mladek, Richard"]
[Black "Moroni, Luca Jr"]
[Result "0-1"]
[WhiteTitle "FM"]
[BlackTitle "GM"]
[WhiteElo "2361"]
[BlackElo "2566"]
[WhiteTeam "Czech Republic"]
[BlackTeam "Italy"]
[WhiteFideId "386588"]
[BlackFideId "865834"]
[EventDate "2021.09.09"]
[EventType "team"]

1. d4 d5 2. c4 e6 3. Nc3 Nf6 4. cxd5 exd5 5. Bg5 c6 6. e3 h6 7. Bh4 Be6 8. Bd3
Nbd7 9. h3 Be7 10. Nf3 Bd6 11. Ne2 Qa5+ 12. Nd2 Ne4 13. Bxe4 dxe4 14. O-O f5 15.
Qc2 O-O 16. Nc4 Bxc4 17. Qxc4+ Qd5 18. Qxd5+ cxd5 19. Bg3 Bxg3 20. fxg3 Rac8 21.
Rac1 Nb6 22. b3 Rxc1 23. Rxc1 Rc8 24. Rc5 Kf7 25. Kf2 g5 26. h4 Rxc5 27. dxc5
Nd7 28. Nd4 Nxc5 29. Nxf5 Nd3+ 30. Ke2 Nc1+ 31. Kd2 Nxa2 32. Nxh6+ Kg6 33. Ng8
Nb4 34. Ne7+ Kh5 35. Kc3 a5 36. Nf5 gxh4 37. gxh4 Kg4 38. Nd6 Kxh4 39. Nxb7 Nc6
40. Nxa5 Nxa5 41. b4 Nc4 42. Kd4 Nb6 43. b5 Kg3 44. Kc5 Kxg2 45. Kxb6 d4 46. Kc5
dxe3 47. b6 e2 48. b7 e1=Q 49. b8=Q Qc3+ 50. Kd5 Qd3+ 51. Kc5 e3 52. Qb7+ Kf2
53. Qf7+ Ke1 54. Qf3 Qc2+ 55. Kd4 e2 56. Qg3+ Kd1 57. Qf3 Kc1 58. Qf2 Qd2+ 0-1

[Event "Online Olym Top DivC 2021"]
[Site "chess.com INT"]
[Date "2021.09.09"]
[Round "1.3"]
[Board "3"]
[White "Sedina, Elena"]
[Black "Koubova, Anna Marie"]
[Result "1-0"]
[WhiteTitle "IM"]
[WhiteElo "2259"]
[BlackElo "2128"]
[WhiteTeam "Italy"]
[BlackTeam "Czech Republic"]
[WhiteFideId "812153"]
[BlackFideId "381470"]
[EventDate "2021.09.09"]
[EventType "team"]

1. e4 e6 2. d4 d5 3. e5 c5 4. c3 Nc6 5. Nf3 Bd7 6. Be2 Nge7 7. Na3 Ng6 8. Nc2
Be7 9. Bd3 cxd4 10. cxd4 Nb4 11. Nxb4 Bxb4+ 12. Kf1 Qb6 13. h4 Bb5 14. h5 Ne7
15. a3 Qa6 16. Bxb5+ Qxb5+ 17. Qe2 Qxe2+ 18. Kxe2 Ba5 19. h6 Rg8 20. Bg5 Rc8 21.
Kd3 Nf5 22. hxg7 Rxg7 23. g4 h6 24. gxf5 hxg5 25. f6 Rg8 26. Rag1 g4 27. Rh4 Bb6
28. Rgxg4 Rxg4 29. Rxg4 Rc1 30. Rg8+ Kd7 31. Rf8 Rd1+ 32. Ke3 Rb1 33. Rxf7+ Kd8
34. Ng5 Rxb2 35. Nxe6+ Kc8 36. Re7 1-0

[Event "Online Olym Top DivC 2021"]
[Site "chess.com INT"]
[Date "2021.09.09"]
[Round "1.3"]
[Board "4"]
[White "Lhotska, Anna"]
[Black "Movileanu, Daniela"]
[Result "1-0"]
[BlackTitle "WIM"]
[WhiteElo "1988"]
[BlackElo "2239"]
[WhiteTeam "Czech Republic"]
[BlackTeam "Italy"]
[WhiteFideId "376183"]
[BlackFideId "873349"]
[EventDate "2021.09.09"]
[EventType "team"]

1. e4 c5 2. Nf3 d6 3. d4 cxd4 4. Nxd4 Nf6 5. Nc3 a6 6. f3 e6 7. Be3 b5 8. Qd2
Nbd7 9. g4 Nb6 10. O-O-O Bb7 11. Qf2 Nfd7 12. h4 Rc8 13. g5 Rxc3 14. bxc3 d5 15.
Bd3 Qc7 16. Nb3 Na4 17. Bd2 Ba3+ 18. Kb1 Ndb6 19. Rdg1 Nc4 20. Bc1 Qe7 21. Qe1
O-O 22. h5 Bxc1 23. Qxc1 Nxc3+ 24. Ka1 Qb4 25. Bxc4 bxc4 26. Nd4 e5 27. Nf5 Ne2
28. Qe1 c3 29. Qb1 Qc5 30. Rg2 Nf4 31. Rgh2 Bc6 32. h6 g6 33. Ng3 dxe4 34. fxe4
Qd6 35. Rd1 Qc7 36. Qb3 Ba8 37. Rb1 Ne6 38. Qb6 Qc4 39. Re2 Bc6 40. Qb4 Bb5 41.
Qxc4 Bxc4 42. Re3 Nxg5 43. Rxc3 Be6 44. Rc6 Rd8 45. Rxa6 Nh3 46. Rab6 Kf8 47.
Rb8 Ke7 48. R1b7+ Rd7 49. a4 Nf2 50. a5 Bc4 51. Kb2 Ng4 52. Kc3 Ba6 53. Rxd7+
Kxd7 54. Ra8 Bb7 55. Rh8 Nxh6 56. Rxh7 Ng4 57. Rxf7+ Kc6 58. Kb4 Bc8 59. Rg7 Ne3
60. Rxg6+ Kb7 61. c4 Nc2+ 62. Kc3 Ne3 63. c5 Bd7 64. Nf5 Nxf5 65. exf5 Bxf5 66.
Rg5 Bd7 67. Rxe5 Bc6 68. Kb4 Bg2 69. Re6 Bd5 70. Rd6 Bg2 71. a6+ Ka7 72. Ka5 Bf1
73. Rf6 Bg2 74. Rf7+ Kb8 75. Kb6 Kc8 76. a7 1-0

[Event "Online Olym Top DivC 2021"]
[Site "chess.com INT"]
[Date "2021.09.09"]
[Round "1.3"]
[Board "5"]
[White "Sonis, Francesco"]
[Black "Finek, Vaclav"]
[Result "1-0"]
[WhiteTitle "IM"]
[BlackTitle "FM"]
[WhiteElo "2523"]
[BlackElo "2408"]
[WhiteTeam "Italy"]
[BlackTeam "Czech Republic"]
[WhiteFideId "895733"]
[BlackFideId "23718293"]
[EventDate "2021.09.09"]
[EventType "team"]

1. c4 Nf6 2. Nc3 d5 3. cxd5 Nxd5 4. Nf3 g6 5. e4 Nxc3 6. dxc3 Qxd1+ 7. Kxd1 f6
8. h4 Bg4 9. Kc2 e5 10. Be3 Nd7 11. Nd2 Bc5 12. Bxc5 Nxc5 13. b4 Nd7 14. Bc4 Ke7
15. f3 Be6 16. h5 Bxc4 17. Nxc4 Ke6 18. a4 f5 19. Rae1 f4 20. Rd1 Nf6 21. hxg6
hxg6 22. Na5 b6 23. Nc6 Rxh1 24. Rxh1 a6 25. Rd1 Rh8 26. a5 Rh2 27. b5 Rxg2+ 28.
Kb1 Nd7 29. bxa6 Nc5 30. a7 Na4 31. Rc1 Rb2+ 32. Ka1 Rb3 33. a8=Q Ra3+ 34. Kb1 1-0

[Event "Online Olym Top DivC 2021"]
[Site "chess.com INT"]
[Date "2021.09.09"]
[Round "1.3"]
[Board "6"]
[White "Trasakova, Adela"]
[Black "Sala, Giulia"]
[Result "1/2-1/2"]
[BlackTitle "WFM"]
[WhiteElo "1923"]
[BlackElo "2064"]
[WhiteTeam "Czech Republic"]
[BlackTeam "Italy"]
[WhiteFideId "398306"]
[BlackFideId "2840451"]
[EventDate "2021.09.09"]
[EventType "team"]

1. d4 Nf6 2. Nf3 g6 3. g3 Bg7 4. Bg2 O-O 5. O-O d6 6. b3 Nbd7 7. Bb2 c6 8. Nbd2
Qc7 9. e4 e5 10. Re1 b5 11. a4 Bb7 12. c4 b4 13. Qc2 c5 14. d5 Nh5 15. Bh3 Bc8
16. Nh4 Ndf6 17. Bf1 Bd7 18. Ndf3 Qc8 19. Qe2 Ne8 20. Nd2 Bh6 21. Ndf3 Nhg7 22.
Bc1 Bxc1 23. Raxc1 f5 24. exf5 Nxf5 25. Nxf5 Bxf5 26. Ng5 Ng7 27. Bg2 Qd7 28.
Be4 Rf6 29. Rf1 h6 30. Bxf5 gxf5 31. Nf3 Kh7 32. Nh4 Rg8 33. Kh1 Qf7 34. Ng2 Qh5
35. Qxh5 Nxh5 36. f4 e4 37. Rg1 Re8 38. Ne3 Ng7 39. Rg2 h5 40. h4 Rg6 41. Kh2
Rf8 42. Rcg1 Kg8 43. Re1 Kf7 44. Reg1 Kf6 45. Re1 Ne8 46. Reg1 Ke7 47. Re1 Kd7
48. Rge2 Nf6 49. Rg2 Nh7 50. Reg1 Nf6 51. Re1 Rg7 52. Reg1 Re7 53. Re1 Ng4+ 54.
Nxg4 fxg4 55. Rge2 Rfe8 56. Re3 Kd8 57. Kg2 Kd7 58. Kh2 Kd8 59. Kg2 Kd7 60. Kh2 1/2-1/2

[Event "Online Olym Top DivC 2021"]
[Site "chess.com INT"]
[Date "2021.09.09"]
[Round "1.4"]
[Board "1"]
[White "Anton Guijarro, David"]
[Black "Bluebaum, Matthias"]
[Result "1/2-1/2"]
[WhiteTitle "GM"]
[BlackTitle "GM"]
[WhiteElo "2651"]
[BlackElo "2639"]
[WhiteTeam "Spain"]
[BlackTeam "Germany"]
[WhiteFideId "2285525"]
[BlackFideId "24651516"]
[EventDate "2021.09.09"]
[EventType "team"]

1. e4 e6 2. d4 d5 3. Nc3 Nf6 4. Bg5 h6 5. Bxf6 Qxf6 6. exd5 Bb4 7. Bb5+ Bd7 8.
Bxd7+ Nxd7 9. dxe6 Qxe6+ 10. Qe2 Bxc3+ 11. bxc3 Qxe2+ 12. Nxe2 O-O-O 13. O-O-O
Nb6 14. Rhe1 Rd6 15. Nf4 Nc4 16. Nd3 Ra6 17. Ne5 Nxe5 18. Rxe5 Rxa2 19. Kd2 Ra6
20. Rde1 Rf6 21. f3 Rd8 22. Kd3 b6 23. c4 a5 24. c5 Rc6 25. Kc4 bxc5 26. Rxc5
Rxc5+ 27. Kxc5 Kd7 28. c4 a4 29. Re2 Ra8 30. Ra2 h5 31. Kb4 Rb8+ 32. Kc3 Rb3+
33. Kc2 Rb4 34. Kc3 Rb3+ 35. Kc2 Rb4 36. Kc3 Rb3+ 1/2-1/2